[Event "Rishon Le Ziyyon 9798"]
[Site "Rishon Le Ziyyon"]
[Date "1997.12.29"]
[Round "5"]
[White "Gofshtein, Leonid D"]
[Black "Golod, Vitali"]
[Result "1/2-1/2"]
[WhiteElo "2545"]
[BlackElo "2515"]

1.d4 Nf6 2.c4 e6 3.Nf3 b6 4.a3 Bb7 5.Nc3 d5 6.cxd5 exd5 7.g3 Be7 8.Bg2 O-O
9.O-O Nbd7 10.Qc2 a6 11.Rd1 Re8 12.Bf4 Nh5 13.Be3 Nhf6 14.Rac1 Bd6 15.Bf4 Bxf4
16.gxf4 c5 17.e3 Rc8 18.Qf5 Qe7 19.Ne5 cxd4 20.Nxd7 dxc3 21.Nxf6+ Qxf6 22.Qxf6 gxf6
23.bxc3 Rc5 24.c4 Rec8 25.Rb1 Rxc4 26.Rxb6 Rc1 27.Rf1 R8c7 28.Bf3 Bc8 29.Rxc1 Rxc1+
30.Kg2 Kg7 31.Bxd5 Rc5 32.Bf3 Ra5 33.Rb3 Rc5 34.Be2 Be6 35.Rb6 a5 36.Ra6 Bb3
37.Bf3 Ba4 38.Kg3 Be8 39.Ra8 Bd7 40.Rd8 Be6 41.Be2 Bb3 42.Rb8 Rc3 43.Rb5 a4
44.Rb4 Rc1 45.Bb5 Rg1+ 46.Kh4 Rg2 47.Bxa4 Bxa4 48.Rxa4 Rxh2+ 49.Kg3 Rh1 50.Ra8 f5
51.Rb8 Rg1+ 52.Kh2 Ra1 53.Rb3 h5 54.Rb5 Kg6 55.Rb6+ f6 56.Ra6 Ra2 57.Kg2 h4
58.a4 h3+ 59.Kxh3 Rxf2 60.Kg3 Re2 61.Kf3 Ra2 62.Ra7 Kh6 63.a5 Kg6 64.a6 Kh6
65.Ra8 Kg7  1/2-1/2

[Event "Ano Liosia op"]
[Site "Ano Liosia"]
[Date "1997.??.??"]
[Round "2"]
[White "Lirindzakis, Timotheos"]
[Black "Sideris, Theodoros"]
[Result "1-0"]
[WhiteElo "2380"]
[BlackElo "2050"]

1.d4 Nf6 2.c4 e6 3.Nf3 b6 4.a3 Bb7 5.Nc3 Be7 6.d5 exd5 7.cxd5 O-O 8.e4 Re8
9.Bd3 c6 10.O-O cxd5 11.exd5 Nxd5 12.Nxd5 Bxd5 13.Bxh7+ Kxh7 14.Qxd5 Nc6
15.Qxf7 Bf6 16.Bf4 Qe7 17.Qh5+ Kg8 18.Rad1 Nd8 19.Rfe1 Ne6 20.Be5 Rad8 21.g3 Qf7
22.Qg4 Rf8 23.Rd2 Be7 24.Kg2 Qf5 25.Qxf5 Rxf5 26.Bc3 Bg5 27.Nxg5 Nxg5 28.f4 Nh7
29.Red1 Nf8 30.Bb4 d5 31.Bc3 Ne6 32.h4 d4 33.Bxd4 Rfd5 34.Bc3 Rxd2+ 35.Rxd2 Rxd2+
36.Bxd2 Nc5 37.h5 Kf7 38.Kf3 Na4 39.Bc3 b5 40.Bd4 a5 41.b3  1-0

[Event "Ano Liosia op"]
[Site "Ano Liosia"]
[Date "1997.??.??"]
[Round "5"]
[White "Eftimakis, Dimitros"]
[Black "Gesos, Pavlos"]
[Result "1/2-1/2"]
[WhiteElo "2120"]
[BlackElo "2385"]

1.d4 Nf6 2.c4 e6 3.Nf3 b6 4.a3 Ba6 5.Qc2 Be7 6.e4 d5 7.e5 Nfd7 8.Be3 O-O
9.Bd3 h6 10.cxd5 Bxd3 11.Qxd3 exd5 12.Nc3 c6 13.b4 b5 14.O-O a5 15.Na2 Nb6
16.Nd2 Nc4 17.Nxc4 dxc4 18.Qd2 Nd7 19.f4 Nb6 20.f5 Bg5 21.Nc3 axb4 22.axb4 Bxe3+
23.Qxe3 Qg5 24.Qf3 Qd8 25.Rad1 Nd5 26.f6 Nxc3 27.Qxc3 g6 28.Qe3 Kh7 29.Rf3 Rg8
30.Rh3 Qf8 31.Qe4 Rh8 32.Qxc6 Ra2 33.Qxb5 Qa8 34.Rf3 Rc8 35.e6 c3 36.Qd7 Ra7
37.Qd6 c2 38.Rc1 Ra1 39.Rff1 Rxc1 40.Rxc1 Qe4 41.Qe5 Qg4 42.e7 Qd1+ 43.Qe1 Qxd4+
44.Kh1 Qd7 45.h3 Qe8 46.Qe2 Rc6 47.Rxc2 Rxf6 48.Rc8 Qxc8 49.e8=Q Qc1+ 50.Kh2 Qf4+
51.g3 Qxb4 52.Qc2 Qb6 53.Qee2 Qd6 54.Qed2 Qb6 55.Qb2 Qxb2 56.Qxb2 Re6 57.Kg2 Kg8
58.Kf3 Kh7 59.Kf4 Kg8 60.Qd4 Kh7 61.Qd8 Kg7 62.g4 Re1 63.Qd4+ Kg8 64.h4 Re6
65.Qd7 Kf8 66.Qd8+ Kg7 67.Qb8 Re2 68.g5 h5 69.Kf3 Re6 70.Qc8 Re7 71.Qc3+ Kg8
72.Qf6 Re6 73.Qd8+ Kg7 74.Kf4 Re2  1/2-1/2

[Event "Arco di Trento op2"]
[Site "Arco di Trento"]
[Date "1997.??.??"]
[Round "2"]
[White "Dallaglio, Giovanni"]
[Black "Samaritani, Fabio"]
[Result "0-1"]
[WhiteElo "2075"]
[BlackElo "2220"]

1.d4 Nf6 2.c4 e6 3.Nf3 b6 4.a3 Bb7 5.Nc3 d5 6.cxd5 Nxd5 7.Qc2 Be7 8.e4 Nxc3
9.bxc3 Nd7 10.Bd3 c5 11.Bb2 Rc8 12.Qe2 O-O 13.O-O Qc7 14.g3 e5 15.dxe5 c4
16.Bc2 Nxe5 17.Nxe5 Qxe5 18.a4 Rfe8 19.Rfe1 Bc5 20.h3 Qxg3+  0-1

[Event "AUT-chT2W 9798"]
[Site "Austria"]
[Date "1997.??.??"]
[Round "1"]
[White "Bernardi, Markus"]
[Black "Angerer, Helmut"]
[Result "1/2-1/2"]
[WhiteElo "2020"]
[BlackElo "2095"]

1.d4 e6 2.Nf3 b6 3.c4 Nf6 4.a3 Ba6 5.Qc2 Be7 6.g3 c6 7.Bg2 d5 8.Nbd2 Nbd7
9.O-O O-O 10.Rd1 Qc8 11.b3 b5 12.Bb2 Qb7 13.Ne5 Rac8 14.e4 Rfd8 15.exd5 cxd5
16.Bc3 Qc7 17.Nxd7 Nxd7 18.cxb5 Bxb5 19.Rac1 Qb6 20.Nf3 Qa6 21.a4 Bd3 22.Qd2 Bg6
23.Bf1 Qb7 24.b4 Nf6 25.Qb2 Ne4 26.Be1 f6 27.b5 Nd6 28.Bb4 Nc4 29.Qb3 Be4
30.Nd2 Nxd2 31.Bxd2 Qb6 32.Bb4 Kf8 33.Bxe7+ Kxe7 34.Qb4+ Qd6 35.Qb2 Rb8 36.Rc3 Bg6
37.Rdc1 Be8 38.Bd3 h6 39.R1c2 Bd7 40.Rc1 Rb7 41.Rc5 a6 42.Qe2 axb5 43.axb5 e5
44.f4 e4 45.Bxe4 dxe4 46.Qxe4+ Kf8 47.Qxb7 Qxd4+ 48.Kh1 Be6 49.f5 Rd5 50.Rc8+ Bxc8
51.Rxc8+ Rd8 52.Rxd8+ Qxd8 53.Qe4 Qd2 54.Qb1 Qe2 55.Qb4+ Ke8 56.Kg1 Qe3+
57.Kg2 Qe2+ 58.Kg1 Qe3+  1/2-1/2

[Event "AUT-chT9697"]
[Site "Austria"]
[Date "1997.??.??"]
[Round "7"]
[White "Stajcic, Nikola"]
[Black "Felsberger, Alfred"]
[Result "1/2-1/2"]
[WhiteElo "2310"]
[BlackElo "2395"]

1.d4 Nf6 2.c4 e6 3.Nf3 b6 4.a3 Ba6 5.Qc2 c5 6.e4 cxd4 7.Nxd4 d6 8.Nc3 Bb7
9.Be2 Nbd7 10.O-O a6 11.Be3 Rc8 12.f4 Be7 13.Rac1 O-O 14.Bf3 Ba8 15.Qe2 Re8
16.g4 e5 17.Nf5 Nc5 18.Bxc5 Rxc5 19.b4 Rc8 20.fxe5 dxe5 21.Rfd1 Qc7 22.g5 Nd7
23.Bg4 Rcd8 24.Nd5 Bxd5 25.cxd5 Qb8 26.Nxe7+ Rxe7 27.Bxd7 Rexd7 28.Qxa6 Qd6
29.Qe2 h6 30.h4 hxg5 31.hxg5 Qe7 32.Qe3 Rd6 33.Rd2 Rg6 34.Rg2 Qd7 35.Qg3 f6
36.Qe3 Rc8 37.Rxc8+ Qxc8 38.gxf6 Rxg2+ 39.Kxg2 Qg4+ 40.Kf1 Qd1+ 41.Kf2 gxf6
42.Qxb6 Qd2+ 43.Kf1 Qd1+ 44.Kg2 Qg4+ 45.Kh2 Qh4+ 46.Kg1 Qe1+ 47.Kh2  1/2-1/2

[Event "AUT-chT2O 9697"]
[Site "Austria"]
[Date "1997.??.??"]
[Round "9"]
[White "Koutsin, Sergey"]
[Black "Kaiser, Wolfgang"]
[Result "1/2-1/2"]
[WhiteElo "2435"]
[BlackElo "2410"]

1.d4 Nf6 2.c4 e6 3.Nf3 b6 4.a3 c5 5.d5 exd5 6.cxd5 g6 7.Nc3 Bg7 8.e4 O-O
9.Bd3 d6 10.h3 Na6 11.O-O Nc7 12.Rb1 Nd7 13.Bf4 Ne5 14.Re1 Qf6 15.Bg3 Nxf3+
16.Qxf3 Qxf3 17.gxf3 Rd8 18.Rec1 Bxh3 19.b4 Ne8 20.bxc5 bxc5 21.Nd1 Rab8
22.Ne3 Bh6 23.Bb5 Bxe3 24.fxe3 Bd7 25.Bxd7 Rxb1 26.Rxb1 Rxd7 27.Rb8 Kf8 28.Kf2 Ke7
29.Ke2 g5 30.Kd3 h5 31.Kc4 f6 32.a4 Nc7 33.Bh2 h4 34.a5 Na6 35.Rh8 Nb4 36.Rh7+ Kd8
37.Rh8+ Ke7 38.Rh7+ Kd8 39.Rh8+ Ke7 40.Rh7+ Kd8 41.Rh8+ Ke7  1/2-1/2

[Event "AUT-chT2O 9697"]
[Site "Austria"]
[Date "1997.??.??"]
[Round "10"]
[White "Koutsin, Sergey"]
[Black "Farago, Ivan"]
[Result "1/2-1/2"]
[WhiteElo "2435"]
[BlackElo "2525"]

1.d4 Nf6 2.Nf3 e6 3.c4 b6 4.a3 Bb7 5.Nc3 d5 6.Bg5 Be7 7.Rc1 O-O 8.e3 Nbd7
9.cxd5 exd5 10.Be2 c5 11.O-O a6 12.Ne5 c4 13.a4 Ne8 14.Nxd7 Qxd7 15.Bxe7 Qxe7
16.b3 Nd6 17.bxc4 dxc4 18.Rb1 b5  1/2-1/2

[Event "Bad Zwesten op"]
[Site "Bad Zwesten"]
[Date "1997.??.??"]
[Round "3"]
[White "Bagaturov, Giorgi"]
[Black "Epishin, Vladimir"]
[Result "0-1"]
[WhiteElo "2475"]
[BlackElo "2600"]

1.d4 Nf6 2.c4 e6 3.Nf3 b6 4.a3 Bb7 5.Nc3 d5 6.Qc2 Be7 7.cxd5 exd5 8.g3 O-O
9.Bg2 Nbd7 10.O-O c5 11.Rd1 Rc8 12.Be3 Ne4 13.dxc5 Nxc3 14.bxc3 Bxc5 15.Nd4 Nf6
16.Nf5 Re8 17.Bxc5 Rxc5 18.Qa4 Qc7 19.Ne3 b5 20.Qb3 a6 21.Rac1 h6 22.Nxd5 Nxd5
23.Bxd5 Bxd5 24.Rxd5 Rxe2 25.Rcd1 Rxd5 26.Qxd5 Qxc3 27.Qa8+ Kh7 28.Qxa6 Qc5
29.Rf1 Ra2 30.Qb7 f5 31.Kg2 Rxa3 32.Rb1 Ra2 33.Qf3 Rd2 34.Re1 b4 35.Rb1 Rd6
36.Rb3 Rd4 37.Qb7 Rc4 38.h4 Rc2 39.Qf3 Rc3 40.Qd1 Qc6+ 41.Kh2 Qa4 42.Rb1 Qa2
43.Kg2 Rc2  0-1

[Event "Barbera-A"]
[Site "Barbera"]
[Date "1997.??.??"]
[Round "4"]
[White "Hernando Rodrigo, Jose Maria"]
[Black "Rahal, Michael"]
[Result "1-0"]
[WhiteElo "2270"]
[BlackElo "2385"]

1.d4 e6 2.Nf3 Nf6 3.c4 b6 4.a3 Bb7 5.Nc3 d5 6.cxd5 Nxd5 7.Qc2 Be7 8.e4 Nxc3
9.bxc3 O-O 10.Bd3 c5 11.O-O Nc6 12.d5 exd5 13.exd5 Qxd5 14.Bxh7+ Kh8 15.Be4 Qh5
16.Qa4 Rac8 17.Rd1 f5 18.Bd5 Rfd8 19.Bf4 Bf6 20.Rd3 Rxd5 21.Rxd5 Bxc3 22.Rad1 Nd4
23.Qd7 Nxf3+ 24.gxf3 Bxd5 25.Qxc8+ Bg8 26.Rd8 Qf7 27.Rf8 Qd5 28.Qe8  1-0

[Event "Barbera op"]
[Site "Barbera"]
[Date "1997.??.??"]
[Round "7"]
[White "Comas Fabrego, Luis"]
[Black "Roeder, Mathias"]
[Result "1/2-1/2"]
[WhiteElo "2465"]
[BlackElo "2460"]

1.d4 Nf6 2.c4 e6 3.Nf3 b6 4.a3 c5 5.d5 Ba6 6.Qc2 exd5 7.cxd5 g6 8.Nc3 Bg7
9.g3 O-O 10.Bg2 d6 11.O-O Re8 12.Re1 Nbd7 13.h3 b5 14.e4 Qc8 15.Bf4 b4 16.Na4 b3
17.Qxb3 Nxe4 18.Qc2 Ndf6 19.g4 Bb5 20.g5 Nh5 21.Rxe4 Rxe4 22.Qxe4 Qa6 23.Nxc5 dxc5
24.Ne5 Re8 25.Bh2 h6 26.h4 hxg5 27.hxg5 Qa5 28.Qe3 Qa4 29.Rc1 Kh7 30.d6 f6
31.gxf6 Bh6 32.Qxc5 Bxc1 33.Qc7+ Bd7 34.Qxc1 Rc8 35.Qg5 Qd1+ 36.Bf1 Bf5 37.d7 Rf8
38.f7 Kg7 39.Qe3 Nf6 40.Qe2 Qxe2 41.Bxe2 Nxd7 42.Bc4 Kf6 43.Nxd7+ Bxd7 44.Bd6 Rxf7
45.Bc5 a6 46.Bxf7 Kxf7  1/2-1/2

[Event "Oberliga Bayern9697"]
[Site "Bayern"]
[Date "1997.??.??"]
[Round "?"]
[White "Unzicker, Ferdinand"]
[Black "Jirovsky, Pavel"]
[Result "0-1"]
[WhiteElo "2310"]
[BlackElo "2325"]

1.Nf3 Nf6 2.c4 b6 3.d4 e6 4.a3 Ba6 5.Qb3 Bb7 6.Nc3 Be7 7.g3 Bxf3 8.exf3 c5
9.d5 exd5 10.cxd5 O-O 11.f4 d6 12.Be2 a6 13.a4 Nbd7 14.O-O Ne8 15.g4 Nc7
16.Qd1 Rb8 17.g5 b5 18.axb5 axb5 19.b3 Re8 20.Bd3 Bf8 21.f5 Ne5 22.Be2 b4
23.Na4 Nd7 24.f4 Qe7 25.Bd3 Nxd5 26.f6 Qd8 27.Bc4 N5b6 28.Bxf7+ Kxf7 29.Qh5+ g6
30.Qxh7+ Ke6 31.Qxg6 Kd5 32.Qd3+ Kc6 33.Qf3+ d5 34.Nxb6 Nxb6 35.Bd2 Re4 36.Rae1 Qe8
37.Rd1 Qg6 38.f5 Qf7  0-1

[Event "Regionalliga SW9697"]
[Site "Bayern"]
[Date "1997.??.??"]
[Round "?"]
[White "Klinger, Thomas"]
[Black "Kowarsch, Heinrich"]
[Result "1-0"]
[WhiteElo "2005"]
[BlackElo "2085"]

1.d4 Nf6 2.c4 e6 3.Nf3 b6 4.a3 Bb7 5.Nc3 d5 6.cxd5 exd5 7.Bg5 h6 8.Bh4 Be7
9.e3 O-O 10.Bd3 Nbd7 11.O-O a6 12.Rc1 Re8 13.Bb1 Rc8 14.Ba2 c6 15.Qb3 Rf8
16.Rfd1 b5 17.Qc2 a5 18.Ne5 Nxe5 19.dxe5 Ne8 20.Bb1 g6 21.Bg3 Qd7 22.Ne2 Ng7
23.Nf4 Nf5 24.e4 Nxg3 25.hxg3 d4 26.e6 Qd6 27.e5 Qxe5 28.exf7+ Rxf7 29.Ba2 Qf6
30.Qxg6+ Qxg6 31.Nxg6 Bf6 32.Rc5 Kg7 33.Bxf7 Kxf7 34.Nf4 Rd8 35.Nd3 Rd6 36.Rdc1 Ke6
37.Kf1 Kd7 38.Rh5 Be7 39.Rf5 Ke8 40.Re1 Bc8 41.Rfe5 Rd7 42.Nc5 Rc7 43.R1e4 Kf7
44.Rxd4 Bf6 45.Rf4 Kg6 46.Re2 h5 47.b4 axb4 48.axb4 Ra7 49.Kg1 Ra1+ 50.Kh2 Rd1
51.Re8 Bg4 52.f3 Kf7 53.fxg4 Kxe8 54.Rxf6 hxg4 55.Rf4 Ke7 56.Rxg4 Kf7 57.Rf4+ Kg6
58.Ne6 Rc1 59.Kh3 Re1 60.Nc5 Rc1 61.Kg4 Rc2 62.Kh3 Kg7 63.g4 Kg6 64.Nd7 Kg7
65.g3 Rd2 66.Ne5 Rc2 67.Rf7+ Kg8 68.Rc7  1-0

[Event "Regionalliga SO9798"]
[Site "Bayern"]
[Date "1997.??.??"]
[Round "?"]
[White "Hecht, Hans Joachim"]
[Black "Riediger, Martin"]
[Result "1-0"]
[WhiteElo "2405"]
[BlackElo "2240"]

1.d4 Nf6 2.Nf3 e6 3.c4 b6 4.a3 Bb7 5.Nc3 d5 6.Bg5 Be7 7.e3 O-O 8.Bd3 dxc4
9.Bxc4 Nbd7 10.O-O c5 11.Qe2 Ne4 12.Nxe4 Bxe4 13.Bf4 cxd4 14.exd4 Nf6 15.Ne5 Bb7
16.Rfd1 Bd6 17.Nxf7 Rxf7 18.Qxe6 Bd5 19.Bxd5 Nxd5 20.Bxd6 Qg5 21.Rd3  1-0

[Event "Beersheba 16th"]
[Site "Beersheba"]
[Date "1997.??.??"]
[Round "4"]
[White "Tyomkin, Dimitri"]
[Black "Kortschnoj, Viktor"]
[Result "1/2-1/2"]
[WhiteElo "2450"]
[BlackElo "2635"]

1.d4 Nf6 2.c4 e6 3.Nf3 b6 4.a3 Bb7 5.Nc3 d5 6.Bg5 Be7 7.Qa4+ c6 8.Bxf6 Bxf6
9.cxd5 exd5 10.g3 O-O 11.Bg2 c5 12.Rd1 Qe7 13.O-O Rd8 14.e3 Na6 15.Qb3 Rab8
16.Rd2 Nc7 17.Rfd1 g6 18.Qa2 Bg7 19.Ne5 b5 20.f4 b4 21.axb4 cxb4 22.Na4 f6
23.Nf3 Qxe3+ 24.Kh1 Qe6 25.Nc5 Qb6 26.f5 Bc8 27.fxg6 hxg6 28.Re1 b3 29.Qa4 Bf5
30.Rde2 a5 31.Nh4 Bc2 32.Re7 g5 33.Nd7 Qb5 34.Qxb5 Rxb5 35.Nc5 gxh4 36.Rxc7 Bf5
37.Rf1 Bc8 38.Bxd5+ Rxd5 39.Rxc8+ Kh7 40.Rc7 Kg6 41.gxh4 Bh6 42.Rc6 Rf5 43.Rg1+ Kh5
44.Ne4 Be3 45.Ng3+ Kxh4 46.Nxf5+ Rxf5 47.Re1 Bd2 48.Rd1 Rf2 49.Rc8 Bf4 50.d5 Rxh2+
51.Kg1 Rxb2 52.Rc4 Kg5 53.Rxf4 Kxf4 54.d6 Kf3 55.Rd3+ Ke2 56.d7 Rb1+ 57.Kg2 Kxd3
58.d8=Q+ Kc2 59.Qc7+ Kb2 60.Qxa5  1/2-1/2

[Event "Bello Horizonte Centenario op"]
[Site "Bello Horizonte"]
[Date "1997.??.??"]
[Round "7"]
[White "Miranda, Marcio MC"]
[Black "De Souza, Wellington"]
[Result "1-0"]
[WhiteElo "2305"]
[BlackElo "2255"]

1.d4 Nf6 2.c4 e6 3.Nf3 b6 4.a3 Ba6 5.Qc2 c5 6.e4 d5 7.cxd5 Bxf1 8.Kxf1 exd5
9.e5 Ne4 10.Nc3 Nxc3 11.bxc3 Be7 12.h4 h6 13.Rh3 Qd7 14.Rg3 Bf8 15.e6 Qxe6
16.Bf4 Kd8 17.Re1 Qd7 18.Ne5 Qb7 19.Qf5 f6 20.Ng6  1-0

[Event "Benasque op"]
[Site "Benasque"]
[Date "1997.??.??"]
[Round "6"]
[White "Del Rey, Diego"]
[Black "Arkell, Keith C"]
[Result "0-1"]
[WhiteElo "2325"]
[BlackElo "2545"]

1.d4 e6 2.Nf3 Nf6 3.c4 b6 4.a3 Ba6 5.Qb3 c5 6.d5 exd5 7.cxd5 g6 8.Nc3 Bg7
9.e4 Bxf1 10.Kxf1 d6 11.Qb5+ Nfd7 12.Bf4 Qe7 13.e5 dxe5 14.Bxe5 Bxe5 15.Nxe5 O-O
16.Nxd7 Nxd7 17.Re1 Qd8 18.g3 Nf6 19.Qd3 Qd7 20.Kg2 Rad8 21.Qf3 Kg7 22.a4 Qb7
23.Re5 Rfe8 24.Rxe8 Rxe8 25.Rd1 Rd8 26.Kf1 Rd7 27.Qd3 h5 28.Qc4 Qa8 29.a5 Qe8
30.a6 Qe5 31.h4 Qf5 32.Rd2 Ng4 33.Re2 Qf3 34.Qe4 Qxe4 35.Rxe4 Nf6 36.Re5 Kf8
37.Kg2 Ne8 38.Nb5 Nd6 39.Nc3 b5 40.Re2 Rd8 41.b3 Rb8 42.Rc2 Ke7 43.Nd1 Rc8
44.Ne3 Ne8 45.Nd1 Nd6 46.Kf3 Nf5 47.Ke4 Kd6 48.Rd2 Re8+ 49.Kf4 b4 50.Rd3 Re5
51.Nb2 Rxd5 52.Ke4 Rd4+ 53.Rxd4+ Nxd4  0-1

[Event "Biel op MTO"]
[Site "Biel"]
[Date "1997.??.??"]
[Round "9"]
[White "Lputian, Smbat G"]
[Black "Podgaets, Mikhail"]
[Result "0-1"]
[WhiteElo "2585"]
[BlackElo "2460"]

1.d4 Nf6 2.c4 e6 3.Nf3 b6 4.a3 Bb7 5.Nc3 d5 6.Bg5 Be7 7.Qa4+ Bc6 8.Qc2 dxc4
9.e3 b5 10.a4 b4 11.Bxf6 gxf6 12.Nb1 Bxf3 13.gxf3 c5 14.dxc5 Nd7 15.Bxc4 Nxc5
16.Nd2 Rc8 17.Rg1 Qc7 18.Ke2 f5 19.Bb5+ Kf8 20.Rac1 Rg8 21.Rxg8+ Kxg8 22.Qc4 Qxh2
23.Nb3 Rc7 24.Qf4 Qxf4 25.exf4 Bd6 26.Nxc5 Rxc5 27.Bc4 Bxf4 28.Rg1+ Kf8 29.b3  0-1

[Event "Biel op MTO"]
[Site "Biel"]
[Date "1997.??.??"]
[Round "11"]
[White "Gurieli, Nino"]
[Black "Berzinsh, Roland"]
[Result "0-1"]
[WhiteElo "2370"]
[BlackElo "2440"]

1.d4 Nf6 2.c4 e6 3.Nf3 b6 4.a3 Ba6 5.Qc2 Bb7 6.Nc3 c5 7.e4 cxd4 8.Nxd4 Nc6
9.Nxc6 Bxc6 10.Be2 Qb8 11.f4 Bc5 12.Bf3 e5 13.Nd5 Bxd5 14.exd5 O-O 15.Bd2 exf4
16.O-O-O Qd6 17.Qd3 Rfe8 18.Kb1 Be3 19.Bb4 Qe5 20.Bc3 Qg5 21.g3 Qg6 22.gxf4 Bxf4
23.Bxf6 Qxf6 24.Bg4 Re3 25.Qf5 Qxf5+ 26.Bxf5 d6 27.Bd3 Rae8 28.h4 h5 29.Kc2 g6
30.Rdf1 Be5 31.b4 Kg7 32.a4 Re7 33.Kd2 Rg3 34.Rfg1 Bf4+ 35.Kc2 Rge3 36.a5 bxa5
37.bxa5 Be5 38.Rb1 Bd4 39.a6 Rg3 40.Rbe1 Rg2+ 41.Kb3 Rb2+ 42.Ka4 Rxe1 43.Rxe1 Bc5
44.Rb1 Rxb1 45.Bxb1 Kf6 46.Kb5 g5  0-1

[Event "Biel op MTO"]
[Site "Biel"]
[Date "1997.??.??"]
[Round "11"]
[White "Bagirov, Rufat"]
[Black "Cladouras, Panagiotis"]
[Result "1/2-1/2"]
[WhiteElo "2325"]
[BlackElo "2390"]

1.d4 Nf6 2.c4 e6 3.Nf3 b6 4.a3 Bb7 5.Nc3 d5 6.cxd5 Nxd5 7.Qc2 Nxc3 8.bxc3 Be7
9.e4 O-O 10.Bd3 c5 11.O-O Nd7 12.Bf4 Rc8 13.Qd2 Nf6 14.Rfe1 Nh5 15.Be3 c4
16.Bc2 f5 17.Bg5 Bxg5 18.Nxg5 Rf6 19.exf5 exf5 20.Re5 g6 21.Rae1 Ng7 22.f3 Qd6
23.Nh3 Re6 24.Qh6 Rxe5 25.Rxe5 Qd7 26.Ng5 Ne8 27.Ba4 Bc6 28.Bxc6 Rxc6 29.Qxh7+ Qxh7
30.Rxe8+ Kg7 31.Nxh7 Kxh7 32.Re7+ Kh6 33.Rxa7 Re6 34.Rc7 b5 35.a4 bxa4 36.Rxc4 Ra6
37.Rb4 a3 38.Rb1 Rc6 39.Rc1 a2 40.Ra1 Rxc3 41.Rxa2 Rd3 42.Ra4 f4 43.h3 Rd2
44.Kh2 Rd1 45.d5 Kg5 46.Ra5 Kh5 47.d6+ Kh6 48.Ra4 Kg5 49.Ra6 Kh5 50.Ra5+ Kh4
51.Ra6 Kg5 52.Ra5+ Kh4 53.Ra8 Rxd6 54.Rh8+ Kg5 55.h4+ Kf5 56.Rf8+ Ke5 57.Kh3 Rd2
58.Ra8 Kf5 59.Ra5+ Kf6 60.Rb5 Rc2 61.h5 gxh5 62.Rxh5 Rb2 63.Rh8 Ra2 64.Rg8 Rb2  1/2-1/2

[Event "Bogota op"]
[Site "Bogota"]
[Date "1997.??.??"]
[Round "9"]
[White "Rivera, Alberto"]
[Black "Diaz, Ricardo"]
[Result "1-0"]
[WhiteElo "2440"]
[BlackElo "2335"]

1.d4 Nf6 2.c4 e6 3.Nf3 b6 4.a3 Bb7 5.Nc3 d5 6.cxd5 Nxd5 7.e3 g6 8.Bb5+ c6
9.Bc4 Nxc3 10.bxc3 Bg7 11.e4 Qc7 12.O-O Nd7 13.Re1 h6 14.a4 O-O 15.e5 c5
16.Bd3 Rfd8 17.Qe2 Rac8 18.Bb2 Nb8 19.h4 Nc6 20.h5 Ne7 21.hxg6 Nxg6 22.Qe3 Qe7
23.g3 Rc7 24.a5 bxa5 25.Ba3 Qd7 26.Be4 cxd4 27.cxd4 Bxe4 28.Qxe4 Qd5 29.Bd6 Qxe4
30.Rxe4 Rc3 31.Kg2 Bf8 32.Bxf8 Kxf8 33.Rxa5 Rd7 34.Re1 Ne7 35.Ra4 Nc6 36.Rh1 Kg7
37.Rh4 Rd5 38.Rg4+ Kf8 39.Rf4 a5 40.Ra1 Rc4 41.Rh1 a4 42.Rxh6 a3 43.Ng5 Nd8
44.Nh7+ Kg7 45.Rhh4 f5 46.exf6+ Kf7 47.Rhg4 Rd7 48.Rg7+ Ke8 49.Rg8+ Kf7 50.Rfg4  1-0

[Event "Ciocaltea mem"]
[Site "Bucharest"]
[Date "1997.??.??"]
[Round "3"]
[White "Notkin, Maksim"]
[Black "Ionescu, Constantin"]
[Result "1-0"]
[WhiteElo "2515"]
[BlackElo "2515"]

1.d4 Nf6 2.c4 e6 3.Nf3 b6 4.a3 Ba6 5.Qc2 Bb7 6.Nc3 c5 7.e4 cxd4 8.Nxd4 d6
9.Be2 Nbd7 10.Be3 Rc8 11.O-O Qc7 12.f3 Be7 13.a4 O-O 14.a5 a6 15.Kh1 d5 16.exd5 exd5
17.cxd5 Qe5 18.Nf5 Bc5 19.f4 Qc7 20.Bf3 Bxe3 21.d6 Qb8 22.Bxb7 Qxb7 23.Nxe3 b5
24.Qd1 Rc5 25.Qd4 b4 26.Ne2 Re8 27.Ng3 g6 28.f5 Ne4 29.Ng4  1-0

[Event "Honved"]
[Site "Budapest"]
[Date "1997.??.??"]
[Round "1"]
[White "Csom, Istvan"]
[Black "Vegh, Endre"]
[Result "1/2-1/2"]
[WhiteElo "2460"]
[BlackElo "2330"]

1.d4 Nf6 2.c4 e6 3.Nf3 b6 4.a3 Bb7 5.Nc3 d5 6.cxd5 Nxd5 7.e3 Be7 8.Bb5+ c6
9.Bd3 O-O 10.O-O Nxc3 11.bxc3 c5 12.Qe2 Nc6  1/2-1/2

[Event "Budapest"]
[Site "Budapest"]
[Date "1997.??.??"]
[Round "1"]
[White "Murzin, Lenar"]
[Black "Kovacs, Laszlo M"]
[Result "0-1"]
[WhiteElo "2320"]
[BlackElo "2365"]

1.d4 Nf6 2.c4 e6 3.Nf3 b6 4.a3 Bb7 5.Nc3 Be7 6.d5 d6 7.g3 e5 8.Bg2 O-O 9.O-O a5
10.e4 Na6 11.Ne1 Nc5 12.Be3 Qd7 13.b3 h6 14.h3 Rfe8 15.f4 exf4 16.gxf4 Ncxe4
17.Nxe4 Nxe4 18.Bxe4 Bf6 19.Bd4 Rxe4 20.Bxf6 gxf6 21.Qh5 Kh7 22.Ra2 Rg8+
23.Rg2 Bc8 24.Rxg8 Kxg8 25.Kh2 Re3 26.Rf3 Rxf3 27.Nxf3 Kg7 28.Nd4 Qe7 29.Qf3 Bd7
30.Ne2 Kf8 31.Ng3 Qe1 32.Ne4 Ke7 33.Nf2 Bf5 34.Ng4 Be4 35.Qe3 Qh1+ 36.Kg3 f5
37.Nf2 Qg1+ 38.Kh4 Kd7 39.b4 axb4 40.axb4 Qb1 41.Kh5 Qg1 42.Ng4 Qg2 43.Nf2 Qg6+
44.Kh4 Qf6+ 45.Kg3 Qe7 46.Qd4 f6 47.Nxe4 fxe4 48.Kf2 f5 49.Ke3 Qf8 50.Qa1 Ke7
51.Qa7 Qd8 52.c5 dxc5 53.bxc5 bxc5 54.Qxc5+ Qd6 55.Qc3 Kf7 56.h4 Kg6 57.Qe5 Qd7
58.Kf2 Kh5 59.Kg3  0-1

[Event "Budapest FS02 GM"]
[Site "Budapest"]
[Date "1997.??.??"]
[Round "9"]
[White "Farago, Ivan"]
[Black "Vadasz, Laszlo"]
[Result "1/2-1/2"]
[WhiteElo "2440"]
[BlackElo "2365"]

1.d4 Nf6 2.c4 e6 3.Nf3 b6 4.a3 Ba6 5.Qb3 Be7 6.Nc3 d5 7.cxd5 Nxd5 8.e4 Bxf1
9.Kxf1 Nxc3 10.bxc3 O-O 11.g3 Nd7 12.Kg2 Nf6 13.e5 Nd7 14.Rd1 c6 15.c4 Qc7
16.Bf4 Qb7 17.a4 Rfd8 18.h4 Nf8 19.Ra2 Rd7 20.Bg5 Rad8 21.Bxe7 Rxe7 22.a5 Red7
23.axb6 axb6 24.Rb2 Rb8 25.Rdb1 Qc8 26.Qe3 Qd8 27.Qe4 Qc7 28.Nh2 h6 29.Nf1 Rbd8
30.Rxb6 Rxd4 31.Rxc6 Qa5 32.Qe2 Ng6 33.c5 R4d5 34.Qb5  1/2-1/2

[Event "Honved-B"]
[Site "Budapest"]
[Date "1997.??.??"]
[Round "9"]
[White "Hoang Than Trang"]
[Black "Varga, Zoltan"]
[Result "1/2-1/2"]
[WhiteElo "2355"]
[BlackElo "2455"]

1.d4 Nf6 2.c4 e6 3.Nf3 b6 4.a3 Bb7 5.Nc3 d5 6.cxd5 Nxd5 7.Bd2 Be7 8.e3 O-O
9.Bd3 Nxc3 10.Bxc3 c5 11.O-O Nc6 12.dxc5 Bxc5 13.Qe2 Qe7 14.Rfd1 Rfd8 15.Rac1 Rac8
16.b4 Bd6 17.Ba1 a5 18.b5 Na7 19.Qb2 f6 20.Rxc8 Rxc8 21.a4 e5 22.Nd2 Bd5
23.Be4 Bf7 24.Nb1 Bb4 25.h3 Rd8 26.Rxd8+ Qxd8 27.Nc3 Nc8 28.Qc2 g6  1/2-1/2

[Event "Buenos Aires op"]
[Site "Buenos Aires"]
[Date "1997.??.??"]
[Round "7"]
[White "Robledo, Nestor Daniel"]
[Black "Cativelli, Gerardo"]
[Result "1-0"]
[WhiteElo "2280"]
[BlackElo "2265"]

1.d4 Nf6 2.Nf3 e6 3.c4 b6 4.a3 Bb7 5.Nc3 d5 6.Bg5 Be7 7.Qa4+ c6 8.Bxf6 Bxf6
9.cxd5 exd5 10.g3 O-O 11.Bg2 Re8 12.O-O Nd7 13.Rfd1 Qe7 14.e3 Red8 15.Rac1 g6
16.Ne1 h5 17.Nd3 h4 18.Qc2 hxg3 19.hxg3 Nf8 20.b4 Ne6 21.Qb3 Nc7 22.a4 Bg5
23.Re1 Rac8 24.Rcd1 Qf8 25.Ne5 Bf6 26.Nd3 Bg5 27.Bf3 Rb8 28.Kg2 Rbc8 29.e4 Ne6
30.Ne5 dxe4 31.Nxe4 Qg7 32.Bg4 Nxd4 33.Rxd4 Qxe5 34.Bxc8 Rxc8 35.Rd7 Rc7
36.Qxf7+  1-0

[Event "Wch U12"]
[Site "Cannes"]
[Date "1997.??.??"]
[Round "5"]
[White "Riazantsev, Alexander"]
[Black "Gashimov, Vugar"]
[Result "1-0"]
[WhiteElo "2330"]
[BlackElo "2255"]

1.d4 Nf6 2.c4 e6 3.Nf3 b6 4.a3 c5 5.d5 exd5 6.cxd5 d6 7.Nc3 Bb7 8.e4 a6 9.a4 Qe7
10.Qd3 g6 11.Be2 Nbd7 12.O-O Bg7 13.h3 O-O 14.Re1 Rfe8 15.Bf1 h6 16.Bf4 Nh7
17.Qd2 g5 18.Bg3 Nhf8 19.Rad1 Ng6 20.Kh1 Nde5 21.Nxe5 Nxe5 22.Nb1 Bc8 23.Na3 Bd7
24.b3 b5 25.f4 gxf4 26.Bxf4 Kh7 27.a5 Qh4 28.Bh2 Rg8 29.Qf4 Qxf4 30.Bxf4 f5
31.Nc2 fxe4 32.g4 Rae8 33.Rxe4 Bh8 34.Bg2 h5 35.gxh5 Bf5 36.Re2 Nd3 37.Rxe8 Rxe8
38.Bg3 Re2 39.Rf1 Be5 40.Bxe5 Rxe5 41.Ne3 Rxe3 42.Rxf5 c4 43.bxc4 bxc4 44.Bf1 Re1
45.Kg2 Nb2 46.Rf7+ Kh6 47.Rf6+ Kxh5 48.Rxd6 c3 49.Rc6 Nd1 50.d6 Ne3+ 51.Kf2 Rxf1+
52.Kxe3 Rd1 53.Ke4 c2 54.Rxc2 Rxd6 55.Ke5 Rg6 56.Kd4 Kh4 57.Kc5 Kxh3 58.Rb2 Kh4
59.Rb1 Kh3 60.Rb4 Rg8 61.Kc6 Rg1 62.Kb7 Rg7+ 63.Kxa6 Rg6+ 64.Ka7 Rg7+ 65.Rb7 Rg6
66.a6 Kg2 67.Rb6 Rg7+ 68.Ka8 Rg8+ 69.Rb8  1-0

[Event "Cannes op-B 18th"]
[Site "Cannes"]
[Date "1997.??.??"]
[Round "7"]
[White "Wheeler, Jerry"]
[Black "Kummle, Thomas"]
[Result "1/2-1/2"]
[WhiteElo "2180"]
[BlackElo "2220"]

1.d4 Nf6 2.Nf3 e6 3.c4 b6 4.a3 Bb7 5.Nc3 g6 6.Bg5 h6 7.Bf4 d6 8.Qc2 Nh5 9.Bd2 Nd7
10.e4 Bg7 11.Be2 a6 12.O-O Qf6 13.Rfe1 Nf4 14.Bxf4 Qxf4 15.g3 Qf6 16.e5 Qf5
17.Qd1 g5 18.exd6 cxd6 19.d5 O-O 20.Bd3 Qh3 21.Bf1 Qf5 22.Bg2 e5 23.Bf1 Qg6
24.Bh3 f5 25.Bg2 Rac8 26.Nd2 h5 27.Qc2 g4 28.f3 gxf3 29.Bxf3 h4 30.Ne2 hxg3
31.Nxg3 Qg5 32.Bg2 e4 33.Ndxe4 fxe4 34.Nxe4 Qf4 35.Ng3 Rxc4 36.Qe2 Ne5 37.Rf1 Qd4+
38.Kh1 Bxd5 39.Rxf8+ Bxf8 40.Rg1 Ng4 41.h3 Nf2+ 42.Kh2 Bf7 43.Rf1 Ng4+ 44.hxg4 Qxg4
45.Qf2 Qh4+ 46.Bh3 Rc7 47.Qg2 Kh8 48.Nf5 Qf6 49.Rf4 Qe5 50.Qg3  1/2-1/2

[Event "Cappelle op"]
[Site "Cappelle la Grande"]
[Date "1997.??.??"]
[Round "2"]
[White "Dgebuadze, Alexandre"]
[Black "Ruzele, Darius"]
[Result "1/2-1/2"]
[WhiteElo "2415"]
[BlackElo "2515"]

1.d4 Nf6 2.c4 e6 3.Nf3 b6 4.a3 Ba6 5.Qc2 Bb7 6.Nc3 c5 7.e4 cxd4 8.Nxd4 Nc6
9.Nxc6 Bxc6 10.Bf4 Nh5 11.Be3 Qb8 12.Qd2 Bc5 13.Be2 Bxe3 14.Qxe3 Nf4 15.O-O O-O
16.Rfd1 Nxe2+ 17.Qxe2 Qe5 18.Qe3 f5  1/2-1/2